Anthology of Islamic literature : from the rise of Islam to modern times

Bibliographic Details
Main Author: Kritzeck, James (Author)
Format: Book
Published: New York : Holt Rinehart and Winston , [1964]
Subjects:

MARC

LEADER 00000cam a2200000 7i4500
001 0000036734
005 20220228093000.0
008 021119n
090 0 0 |a PJ7694.E1   |b K7 
100 0 |a Kritzeck, James ,   |e author 
245 0 0 |a Anthology of Islamic literature :   |b from the rise of Islam to modern times   |c James Kritzeck 
260 2 |a New York :   |b Holt Rinehart and Winston ,   |c [1964] 
300 |a 379 p. ;   |c 24 cm. 
501 |a Includes bibliographical references and index 
650 0 |a Arabic literature   |v Translations into English 
650 0 |a Islamic countries   |x Literary collections 
650 0 |a Persian literature   |x Translations into English 
999 |a 1000080214   |b Book   |c OPEN SHELF (30 DAYS)   |e Gong Badak Campus